000 00472nam a2200157Ia 4500
005 20250508153321.0
008 008 250505s9999 xx 000 0 eng d
037 _aBooks to be hide in OPAC
040 _aFEDL
_beng
_cFEDL
041 _aeng
_2eng
084 _a370.954, IND/O
_qFEDL
245 0 _aGeneral educational tables relating to the East Punjab for the year 1946-47
260 _c1950
942 _cHB
_h370.954, IND/O
999 _c1341972
_d1341972